000 00691nam a2200217Ia 4500
003 OSt
005 20260213141528.0
008 220923b |||||||| |||| 00| 0 eng d
020 _a0691074054
037 _cGeneral Book
040 _aRTL
_cRTL
_beng
041 _2eng
_aeng
084 _aY:45153.42.N9, N2
_qRTL
100 _aLaFleur William R
_917876
245 0 _aLiquid life: abortion and Buddhism in Japan
_b
260 _aPrinceton
_bPrinceton University Press
_c1992
300 _axviii, 257 p.
_bIncludes bibliographical references and index
650 _aSociology
_91115660
942 _hY:45153.42.N9, N2
_cGB
_2CC
_n0
999 _c650038
_d650038